Barcelona fotografiada : 160 anys de registre i representació : guia dels fons i les col·leccions de l'Arxiu Fotogràfic de l'Arxiu Històric de la Ciutat de Barcelona / Arxiu Històric de la Ciutat 160 anys de registre i representació :
ISBN:
978-84-9850-029-5
Publicado:
Barcelona :
Arxiu Municipal de Barcelona : Ajuntament de Barcelona : Institut de Cultura ,
2007
Descripción Física:
362 p. : fot. ; 22 cm
MARC
| LEADER | 00000nam a2200000Ia 4500 | ||
|---|---|---|---|
| 001 | 19563 | ||
| 008 | 160829s2007 xx 000 0 cat d | ||
| 020 | |a 978-84-9850-029-5 | ||
| 080 | |a A-2-301 | ||
| 110 | 2 | |a Arxiu Fotogràfic de Barcelona |9 55023 | |
| 245 | |a Barcelona fotografiada : |b 160 anys de registre i representació : |b guia dels fons i les col·leccions de l'Arxiu Fotogràfic de l'Arxiu Històric de la Ciutat de Barcelona / Arxiu Històric de la Ciutat | ||
| 260 | |a Barcelona : |b Arxiu Municipal de Barcelona : |b Ajuntament de Barcelona : |b Institut de Cultura, |c 2007 | ||
| 300 | |a 362 p. : |b fot. ; |c 22 cm | ||
| 610 | 2 | 0 | |a Arxiu Fotogràfic de Barcelona |v Catàlegs |9 55024 |
| 710 | 1 | |a Barcelona (Catalunya). |b Ajuntament |9 50981 | |
| 710 | 2 | |a Institut de Cultura (Barcelona, Catalunya) |9 53422 | |
| 901 | |a Arxiu | ||
| 942 | |n 1 | ||
| 952 | |0 0 |1 0 |4 0 |6 A2301 |7 1 |9 44727 |a Arxiu |b Arxiu |d 2016-12-01 |l 0 |o A-2-301 |p 19563 |r 2016-12-01 00:00:00 |w 2016-12-01 |y ARXIU | ||
| 999 | |c 47309 |d 47309 | ||